El sufrimiento psíquico en los niños : psicopatología infantil y constitución subjetiva /
Guardado en:
| Autor Principal: | |
|---|---|
| Formato: | Libro |
| Publicado: |
Buenos Aires :
Noveduc,
2012
|
| Series: | Conjunciones, nº 24
|
| Materias: | |
| Etiquetas: |
Agregar Etiqueta
Sin Etiquetas, Sea el primero en etiquetar este registro!
|
| LEADER | 01185nam a22002295a 4500 | ||
|---|---|---|---|
| 001 | CEM.cems013745 | ||
| 005 | 20120905123624.0 | ||
| 008 | 130507s2012##################000#0#####d | ||
| 003 | CEMS | ||
| 020 | |a 9789875383128 | ||
| 082 | 0 | 4 | |a 150.195 |
| 100 | 1 | |a Janin, Beatriz | |
| 245 | 1 | 0 | |a El sufrimiento psíquico en los niños : |b psicopatología infantil y constitución subjetiva / |c Beatriz Janin |
| 260 | |a Buenos Aires : |b Noveduc, |c 2012 | ||
| 300 | |a 264 p. | ||
| 490 | 0 | |a Conjunciones, nº 24 | |
| 505 | 0 | |a Cap. 1: Avatares de la constitución psíquica y psicopatología infantil -- Cap. 2: Diagnósticos en la infancia -- Cap. 3: El contexto social -- Cap. 4: Los niños desafiantes o el desafío de nuestros días -- Cap. 5: El aprendizaje y sus avatares -- Cap. 6: Fobias, angustias y terrores en la infancia -- Cap. 7: Encopresis y enuresis -- Cap. 8: Patologías graves de la infancia -- Cap. 9: Las marcas de la violencia -- Cap. 10: Las crisis y los niños.- | |
| 653 | |a Psicopatología infantil | ||
| 653 | |a Psicología | ||
| 653 | |a Psicopatología de la infancia | ||
| 653 | |a Psicopatología y aprendizaje | ||
| 859 | |a CEMS |b BIB. CEMS - 11 de abril |h 150.195 |i J255 |p 26492.12 |t Ej.1 | ||
